000 01736ngm a22003730a 4500
001 PT39921
003 AR-LpoUNG
005 20210201235853.0
007 vd cvaizq
008 191001s2007||||ag |||||||||||||||||spa d
037 _c$7.50
040 _aAR-LpoUNG
_bspa
_cAR-LpoUNG
_eaacr
041 _aspa
_aeng
_apor
044 _aag
082 0 _a918 317pod
100 1 _aBass, Karen
_edir.
245 1 3 _aEl poderoso Amazonas
260 _aBuenos Aires :
_bBBC - Folio,
_c2007.
300 _aDVD (50 min.) : son., col.
505 0 _aProducción: Karen Bass y Huw Cordey. Fotografía: Robert Fulton, Charlie Hamilton James, Alastair McEwen, Colin Stafford-Johnson. Música: Nicholas Hooper. Subtítulos en español y portugués.
520 _aLa desembocadura del río Amazonas vierte una quinta parte de toda el agua de los ríos del planeta. Su cauce es de tal magnitud que 1600 km corriente arriba tiene una anchura de más de 11 km. Por ello no es de extrañar que sus ríos y afluentes contengan una increíble diversidad de vida acuática, de hecho acoge un número de especies diez veces mayor al de Europa. Esta es la historia de cómo la vida salvaje se ha adaptado a este medio acuático y a los increíbles cambios que las estaciones producen en el nivel del río, cuando en épocas de lluvia el agua puede suir hasta diez metros y anegar la selva que lo rodea.
650 4 _aAMERICA DEL SUR
650 4 _aFAUNA ACUATICA
650 4 _aREGION AMAZONICA
650 4 _aRIOS
651 4 _aAmérica del Sur
653 _aDOCUMENTALES
653 _aVIDEOS
653 _aVIDEOS DIDACTICOS
700 1 _aCordey, Huw
_edir.
710 2 _aBritish Broadcasting Corporation
905 _a39921
942 _cDVD
999 _c53645
_d53645